[Event "Stuttgart-chB int"]
[Site "Ditzingen"]
[Date "2010.05.16"]
[Round "7"]
[White "Winkler, Alex"]
[Black "Obermeier, Carl"]
[Result "1-0"]
[WhiteElo "1347"]
[BlackElo "1392"]
[PlyCount "67"]
[EventDate "2010.05.13"]
[EventType "swiss"]
[EventRounds "7"]
[EventCountry "GER"]
[SourceTitle "EXT 2018"]
[Source "ChessBase"]
[SourceDate "2017.10.13"]
[SourceVersion "1"]
[SourceVersionDate "2017.10.13"]
[SourceQuality "1"]

1. e4 b6 2. Nf3 Bb7 3. Nc3 e6 4. d4 Bb4 5. d5 Nf6 6. Bg5 h6 7. Bxf6 Qxf6 8. e5 Qd8 9. dxe6 fxe6 10. Bd3 0-0 11. Qe2 Bxc3+ 12. bxc3 d6 13. Nd4 Re8 14. Bg6 Bxg2 15. Rg1 dxe5 16. Rxg2 exd4 17. Bxe8 Qxe8 18. Qe5 Qf7 19. Qxd4 Nd7 20. 0-0-0 Nf6 21. Rdg1 Re8 22. Rxg7+ Qxg7 23. Rxg7+ Kxg7 24. Qa4 a5 25. Qc6 Re7 26. c4 Kf7 27. c5 Nd5 28. c4 Nb4 29. Qf3+ Kg7 30. a3 bxc5 31. axb4 cxb4 32. Qg3+ Kf7 33. Qf4+ Kg7 34. Qe5+ 1-0